[Event "35th European Club Cup 2019"]
[Site "Ulcinj"]
[Date "2019.11.12"]
[Round "3.15"]
[White "Van Haastert, Edwin"]
[Black "Vedder, Richard"]
[Result "1-0"]
[WhiteElo "2439"]
[BlackElo "2257"]
[Annotator "ChessBase"]
[PlyCount "119"]
[EventDate "2019.11.10"]
[EventType "team-tourn"]
[EventCountry "MNE"]
[SourceTitle "playchess.com"]
[Source "ChessBase"]
[SourceQuality "1"]
[WhiteTeam "LSG IntelliMagic"]
[BlackTeam "En Passant"]
[TimeControl "40/5400+30:1800+30"]

1. d4 {[%emt 0:00:00]} d5 {[%emt 0:00:00]} 2. c4 {[%emt 0:00:00]} dxc4 {[%emt 0:00:00]} 3. e4 e5 {[%emt 0:04:29]} 4. Nf3 {[%emt 0:00:00]} exd4 {[%emt 0:00:07]} 5. Bxc4 {[%emt 0:00:04]} Nc6 {[%emt 0:00:09]} 6. O-O {[%emt 0:00:20]} Be6 {[%emt 0:01:26]} 7. Bb5 Bc5 {[%emt 0:06:42]} 8. b4 {[%emt 0:00:38]} Bb6 {[%emt 0:00:29]} 9. a4 {[%emt 0:00:00]} a6 {[%emt 0:01:14]} 10. Bxc6+ bxc6 {[%emt 0:00:02]} 11. Bb2 {[%emt 0:00:52]} Bg4 {[%emt 0:08:12]} 12. a5 {[%emt 0:08:17]} Ba7 {[%emt 0:00:32]} 13. Nbd2 {[%emt 0:16:05]} Rb8 {[%emt 0:08:59]} 14. Qc2 {[%emt 0:02:32]} Ne7 {[%emt 0:06:07]} 15. Qc4 {[%emt 0:00:34]} c5 {[%emt 0:10:27]} 16. Qxa6 {[%emt 0:04:17]} Nc8 {[%emt 0:00:19]} 17. Ne5 {[%emt 0:21:00]} Bd7 {[%emt 0:00:27]} 18. Nxd7 {[%emt 0:01:26]} Qxd7 {[%emt 0:00:09]} 19. Nc4 {[%emt 0:00:46]} O-O {[%emt 0:18:07]} 20. bxc5 {[%emt 0:02:44]} Bxc5 {[%emt 0:00:11]} 21. Ne5 {[%emt 0:09:39]} Qb5 {[%emt 0:05:54]} 22. Qxb5 {[%emt 0:00:07]} Rxb5 {[%emt 0:00:02]} 23. Nd3 {[%emt 0:00:13]} Ba7 {[%emt 0:00:48]} 24. Rfc1 {[%emt 0:01:46]} c5 {[%emt 0:00:18]} 25. Ba3 {[%emt 0:12:32]} Rxa5 {[%emt 0:01:08]} 26. Nxc5 {[%emt 0:01:07]} Re8 {[%emt 0:00:50]} 27. Nd3 {[%emt 0:00:40]} f6 {[%emt 0:05:35]} 28. f3 {[%emt 0:00:28]} Ne7 {[%emt 0:01:23]} 29. Bxe7 {[%emt 0:01:56]} Rxa1 {[%emt 0:00:10]} 30. Rxa1 {[%emt 0:00:04]} Rxe7 {[%emt 0:00:04]} 31. Kf2 {[%emt 0:00:31]} Rb7 {[%emt 0:00:25]} 32. Ke2 {[%emt 0:00:44]} Kf7 {[%emt 0:00:37]} 33. Ra6 {[%emt 0:00:31]} Rc7 {[%emt 0:02:29]} 34. Nb4 {[%emt 0:01:34]} Bc5 {[%emt 0:03:47]} 35. Nd5 {[%emt 0:00:16]} Rb7 {[%emt 0:00:27]} 36. Rc6 {[%emt 0:00:53]} Rb2+ {[%emt 0:02:02]} 37. Kd3 {[%emt 0:00:18]} Bf8 {[%emt 0:00:04]} 38. Rc7+ {[%emt 0:03:17]} Kg6 {[%emt 0:02:27]} 39. Nf4+ {[%emt 0:00:32]} Kh6 {[%emt 0:00:21]} 40. Ne6 {[%emt 0:00:00]} Rb8 {[%emt 0:00:00]} 41. Rf7 {[%emt 0:03:36]} Bd6 {[%emt 0:05:17]} 42. Nxg7 {[%emt 0:00:39]} Kg6 {[%emt 0:01:34]} 43. Rd7 {[%emt 0:00:16]} Rb3+ {[%emt 0:03:59]} 44. Kxd4 {[%emt 0:01:35]} Bxh2 {[%emt 0:02:12]} 45. Ne6 {[%emt 0:01:13]} h5 {[%emt 0:00:48]} 46. f4 h4 47. f5+ {[%emt 0:07:09]} Kh6 {[%emt 0:04:31]} 48. Nf8 {[%emt 0:04:18]} Be5+ {[%emt 0:03:26]} 49. Kd5 {[%emt 0:00:13]} Rb5+ {[%emt 0:04:45]} 50. Kc4 {[%emt 0:01:54]} Ra5 {[%emt 0:00:53]} 51. Rh7+ {[%emt 0:00:36]} Kg5 {[%emt 0:00:02]} 52. Ne6+ {[%emt 0:00:17]} Kg4 {[%emt 0:00:01]} 53. Rg7+ {[%emt 0:00:10]} Kh5 {[%emt 0:00:03]} 54. Rg6 {[%emt 0:02:20]} h3 {[%emt 0:00:06]} 55. gxh3 {[%emt 0:00:38]} Ra1 {[%emt 0:01:22]} 56. Nc5 {[%emt 0:02:56]} Rc1+ {[%emt 0:02:41]} 57. Kd5 {[%emt 0:00:36]} Rd1+ {[%emt 0:00:04]} 58. Ke6 {[%emt 0:00:23]} Rd6+ {[%emt 0:02:17]} 59. Kf7 {[%emt 0:05:29]} Kh4 {[%emt 0:00:50]} 60. Ke7 {[%emt 0:03:14]} 1-0

[Event "35th European Club Cup 2019"]
[Site "Ulcinj"]
[Date "2019.11.12"]
[Round "3.15"]
[White "Verstraeten, Rein"]
[Black "Ezat, Mohamed"]
[Result "1/2-1/2"]
[WhiteElo "2379"]
[BlackElo "2452"]
[Annotator "ChessBase"]
[PlyCount "91"]
[EventDate "2019.11.10"]
[EventType "team-tourn"]
[EventCountry "MNE"]
[SourceTitle "playchess.com"]
[Source "ChessBase"]
[SourceQuality "1"]
[WhiteTeam "HWP Sas van Gent"]
[BlackTeam "Reykjavik CC"]
[TimeControl "40/5400+30:1800+30"]

1. d4 {[%emt 0:00:00]} Nf6 {[%emt 0:00:01]} 2. c4 {[%emt 0:00:00]} g6 {[%emt 0:00:15]} 3. Nc3 {[%emt 0:00:00]} Bg7 {[%emt 0:00:04]} 4. e4 {[%emt 0:00:11]} d6 {[%emt 0:00:08]} 5. Bd3 {[%emt 0:00:11]} O-O {[%emt 0:02:00]} 6. Nge2 {[%emt 0:00:11]} Nc6 {[%emt 0:05:46]} 7. O-O {[%emt 0:00:20]} Nd7 {[%emt 0:04:31]} 8. Be3 {[%emt 0:00:43]} e5 {[%emt 0:04:16]} 9. d5 {[%emt 0:00:09]} Ne7 {[%emt 0:03:24]} 10. f3 {[%emt 0:02:25]} f5 {[%emt 0:00:15]} 11. exf5 {[%emt 0:00:30]} Nxf5 {[%emt 0:00:30]} 12. Bd2 {[%emt 0:00:30]} Nc5 {[%emt 0:05:12]} 13. Bc2 {[%emt 0:05:09]} Nd4 {[%emt 0:18:44]} 14. b4 {[%emt 0:03:54]} Nxc2 {[%emt 0:01:18]} 15. Qxc2 {[%emt 0:00:10]} Bf5 {[%emt 0:00:25]} 16. Ne4 {[%emt 0:13:08]} Nxe4 {[%emt 0:02:38]} 17. fxe4 {[%emt 0:00:10]} Bg4 {[%emt 0:00:07]} 18. Rxf8+ {[%emt 0:17:09]} Qxf8 {[%emt 0:00:30]} 19. Rf1 {[%emt 0:00:30]} Qe7 {[%emt 0:00:30]} 20. Nc3 {[%emt 0:00:03]} Rf8 {[%emt 0:11:08]} 21. Qc1 {[%emt 0:05:27]} Qh4 {[%emt 0:10:23]} 22. Rxf8+ {[%emt 0:01:49]} Bxf8 {[%emt 0:00:22]} 23. Bg5 {[%emt 0:02:05]} Qh5 {[%emt 0:00:03]} 24. Nb5 {[%emt 0:11:07]} Be2 {[%emt 0:05:59]} 25. Nxc7 {[%emt 0:09:03]} Qg4 {[%emt 0:00:07]} 26. Ne8 {[%emt 0:07:10]} Qc8 {[%emt 0:02:41]} 27. Nf6+ {[%emt 0:02:03]} Kf7 {[%emt 0:09:23]} 28. Nxh7 {[%emt 0:03:28]} Qxc4 {[%emt 0:00:58]} 29. Kf2 {[%emt 0:03:05]} Qxc1 {[%emt 0:03:25]} 30. Bxc1 {[%emt 0:00:02]} Bc4 {[%emt 0:00:13]} 31. a3 {[%emt 0:00:14]} Be7 {[%emt 0:01:39]} 32. Bg5 {[%emt 0:06:12]} Bf8 {[%emt 0:00:07]} 33. h4 {[%emt 0:01:06]} Bd3 {[%emt 0:01:06]} 34. Kf3 {[%emt 0:00:49]} Bc2 {[%emt 0:00:54]} 35. g3 {[%emt 0:01:43]} Ba4 {[%emt 0:05:08]} 36. Ke3 {[%emt 0:03:05]} Bg7 {[%emt 0:02:48]} 37. Bd8 {[%emt 0:02:02]} Bh6+ {[%emt 0:00:20]} 38. Bg5 {[%emt 0:00:47]} Bg7 {[%emt 0:00:03]} 39. Kd2 {[%emt 0:01:39]} Kg8 {[%emt 0:00:24]} 40. Nf6+ {[%emt 0:00:00]} Bxf6 {[%emt 0:00:00]} 41. Bxf6 {[%emt 0:00:14]} Kf7 {[%emt 0:01:04]} 42. Bg5 {[%emt 0:01:43]} Bd7 {[%emt 0:00:34]} 43. Be3 {[%emt 0:00:11]} a6 {[%emt 0:00:19]} 44. Bb6 {[%emt 0:00:07]} Bg4 {[%emt 0:00:19]} 45. Ke3 {[%emt 0:01:53]} Ke7 {[%emt 0:00:08]} 46. Kd3 {[%emt 0:00:04]} 1/2-1/2

[Event "35th European Club Cup 2019"]
[Site "Ulcinj"]
[Date "2019.11.12"]
[Round "3.16"]
[White "Sengupta, Deep"]
[Black "Jones, Gawain C B"]
[Result "1/2-1/2"]
[WhiteElo "2557"]
[BlackElo "2663"]
[Annotator "TA"]
[PlyCount "170"]
[EventDate "2019.11.10"]
[EventType "team-tourn"]
[EventCountry "MNE"]
[SourceTitle "playchess.com"]
[Source "ChessBase"]
[SourceQuality "1"]
[WhiteTeam "Koge SK"]
[BlackTeam "Padova"]

{[%evp 17,170,21,19,11,15,15,10,-38,14,0,24,15,18,19,15,0,0,0,3,3,13,14,54,47,60,51,39,47,52,23,35,-28,-26,-32,-16,-39,-32,-45,-28,-41,-27,-47,0,-34,0,-50,-43,-53,-48,-56,-53,-64,-68,-64,-41,-31,-18,-94,-42,-50,-54,-54,-42,-82,-87,-165,-206,-151,-41,-52,-72,-148,-142,-139,-139,-195,-16,-16,-16,-16,-16,-16,-16,-16,-16,-16,-16,-58,-58,-62,-62,-63,-60,-73,-73,-73,-73,-73,-73,-73,-73,-73,-73,-73,-12,-12,-12,-12,-12,-12,-12,-12,-12,-12,-12,-12,-12,-12,-8,-8,-8,-8,-8,-8,-8,-8,-8,-8,-8,-8,0,0,0,0,0,0,0,-8,0,0,0,-8,0,-8,0,0,0,-8,-8,-8,0,-8,0,0,0]} 1. e4 e5 2. Nf3 Nc6 3. Bb5 Nf6 4. O-O Nxe4 5. d4 Nd6 6. Bxc6 dxc6 7. dxe5 Nf5 8. Qxd8+ Kxd8 9. Nc3 Be7 10. h3 {C67: Ruy Lopez: Berlin Defence: 4 0-0 Nxe4} Nh4 {With the idea ...Nxf3+.} 11. Nxh4 Bxh4 12. f4 g6 $146 (12... Bf5 $15) ({Predecessor:} 12... Bd7 13. Bd2 Kc8 14. Be1 Be7 15. f5 Bc5+ 16. Bf2 Bb4 17. g4 {1-0 (55) Aronian,L (2752)-Karjakin,S (2748) Zagreb 2019}) 13. Be3 Be7 14. Rad1+ Ke8 15. Rd2 Be6 16. Ne4 Rd8 17. Rfd1 (17. Bxa7 Rxd2 18. Nxd2 b6 $17) 17... Rd5 18. b3 Kd7 19. Bc5 (19. Bxa7 $2 b6 $17) 19... Bd8 20. Bd4 $1 (20. Bxa7 b6 $15) 20... Kc8 $1 21. c4 (21. Bxa7 $2 b6 $17) 21... Rd7 22. Nc5 (22. Bxa7 Rxd2 23. Rxd2 (23. Nxd2 $2 b6 $19) 23... b6 $17) 22... Re7 23. Bb2 b6 24. Ne4 (24. Nxe6 $14 fxe6 25. h4) 24... Ree8 $1 $11 25. Kf2 Bh4+ 26. g3 Bd8 $1 27. Kg2 h5 28. Ba3 Bf5 29. Nf2 Be6 30. Ne4 Bf5 31. Nf2 a5 32. Kf3 Be6 33. Kg2 g5 34. fxg5 Bxg5 35. Re2 Reg8 36. Bc1 Bh4 37. Bf4 (37. Rd3 $11 {remains equal.}) 37... a4 (37... Bxg3 $1 $17 38. Bxg3 h4 {[%mdl 64] Pin}) 38. Kh2 $15 Be7 39. Ne4 Kb7 40. Red2 Bf5 41. Rd7 (41. Re2 $17) 41... Bxd7 $19 ({And not} 41... Bxe4 42. Rxe7 Re8 43. Rxf7 $14) 42. Rxd7 {[#]} axb3 (42... Re8 $1 $17 {White must now prevent ...Kc8.} 43. e6 axb3 44. axb3 (44. exf7 $2 bxa2 45. Be5 Ba3 $19) 44... f5 45. Rxc7+ Ka6) 43. axb3 $15 Re8 44. e6 {[#]} ({White should play} 44. Nf6) 44... f5 $1 $17 {[%cal Rf5e4]} ({Reject} 44... fxe6 $6 45. Rxc7+ Ka6 46. Rxc6 $11) 45. Rxc7+ Ka6 46. Nc3 (46. Nd2 $17) 46... Bb4 $2 ({Black should try} 46... Bf6 $19 47. Na2 c5) 47. Na2 $1 $11 {[%cal Ra2b4]} Bc5 48. b4 $1 {[%cal Rb4c5]} Rxe6 49. bxc5 Re2+ {[%mdl 64] Double Attack} 50. Kg1 Rxa2 51. Rxc6 {[%mdl 4096] Endgame KRR-KRB} Rb2 52. Be5 Rb1+ 53. Kf2 Re8 54. Bc7 $1 {[%cal Rc6b6]} Re4 55. Rxb6+ Rxb6 56. cxb6 Rxc4 $15 {KR-KB} 57. Kf3 Rb4 58. Ke3 Kb7 59. Kf3 Kc6 60. Ke3 h4 ({Better is} 60... Re4+ $17 61. Kf3 Rb4) 61. gxh4 $11 {The position is equal.} Rxh4 62. Kf3 Rb4 63. Kg3 Kd5 64. Kf3 Ke6 65. Kg3 Kf6 66. Kf3 Rb3+ 67. Kf4 Ke6 68. Kg5 Rb4 69. h4 Rg4+ 70. Kh5 Kd7 71. Be5 {Threatens to win with b7.} Kc6 72. Bc7 $1 Kb7 73. Bd8 Rg7 {...f4 is the strong threat.} 74. Bc7 Kc8 75. Be5 Rg8 76. Bf4 Kb7 77. Bc7 Rg7 78. Kh6 Rg8 79. Kh5 Rg4 80. Bd8 Kc6 81. Bc7 Kd7 82. Be5 {Strongly threatening b7.} Rb4 83. Kg5 Ke6 84. Bc7 Rg4+ 85. Kh5 {Hoping for b7.} Kd7 {Accuracy: White = 65%, Black = 47%.} 1/2-1/2

[Event "35th European Club Cup 2019"]
[Site "Ulcinj"]
[Date "2019.11.12"]
[Round "3.16"]
[White "Petursson, Margeir"]
[Black "Maenhout, Thibaut"]
[Result "1-0"]
[WhiteElo "2464"]
[BlackElo "2372"]
[Annotator "ChessBase"]
[PlyCount "33"]
[EventDate "2019.11.10"]
[EventType "team-tourn"]
[EventCountry "MNE"]
[SourceTitle "playchess.com"]
[Source "ChessBase"]
[SourceQuality "1"]
[WhiteTeam "Reykjavik CC"]
[BlackTeam "HWP Sas van Gent"]
[TimeControl "40/5400+30:1800+30"]

1. c4 e5 2. g3 d6 3. Bg2 g6 {[%emt 0:00:35]} 4. Nc3 {[%emt 0:03:13]} Bg7 {[%emt 0:00:30]} 5. e3 {[%emt 0:00:30]} f5 {[%emt 0:00:30]} 6. Nge2 {[%emt 0:00:30]} Nf6 {[%emt 0:00:30]} 7. b3 {[%emt 0:00:30]} O-O {[%emt 0:00:30]} 8. d3 {[%emt 0:00:30]} c6 {[%emt 0:00:30]} 9. Ba3 {[%emt 0:00:30]} Na6 {[%emt 0:00:30]} 10. Rc1 {[%emt 0:00:30]} Nc7 {[%emt 0:00:30]} 11. Qd2 {[%emt 0:00:30]} Rf7 {[%emt 0:00:30]} 12. O-O {[%emt 0:00:30]} Be6 {[%emt 0:00:30]} 13. f4 {[%emt 0:00:30]} Rd7 {[%emt 0:00:30]} 14. Rcd1 {[%emt 0:00:30]} Bf7 {[%emt 0:00:30]} 15. Bxd6 {[%emt 0:00:30]} Rxd6 {[%emt 0:00:30]} 16. fxe5 {[%emt 0:00:30]} Rd7 {[%emt 0:00:30]} 17. exf6 {[%emt 0:00:30]} 1-0

[Event "35th European Club Cup 2019"]
[Site "Ulcinj"]
[Date "2019.11.12"]
[Round "3.16"]
[White "Van Twillert, Laurents"]
[Black "De Jong, Jan-Willem"]
[Result "0-1"]
[WhiteElo "2141"]
[BlackElo "2446"]
[Annotator "TA"]
[PlyCount "44"]
[EventDate "2019.11.10"]
[EventType "team-tourn"]
[EventCountry "MNE"]
[SourceTitle "playchess.com"]
[Source "ChessBase"]
[SourceQuality "1"]
[WhiteTeam "En Passant"]
[BlackTeam "LSG IntelliMagic"]

{[%evp 16,44,30,-38,-21,-42,-10,-17,-18,-31,-2,0,0,-63,0,0,0,0,58,-20,-27,-145,-44,-143,-149,-140,-139,-1087,-1119,-29998,-29999]} 1. e4 e5 2. Nf3 Nc6 3. d4 exd4 4. Nxd4 Bc5 5. Be3 Qf6 6. c3 Nge7 7. Bc4 Bb6 8. O-O O-O 9. f4 (9. Qd2 $11) 9... d5 $15 {C45: Scotch Game} 10. exd5 Nxd4 11. Bxd4 Nf5 {[%cal Rf5d4] The position is equal.} 12. Bf2 Bxf2+ 13. Rxf2 Ne3 14. Qe2 $146 (14. Qb3 $1 $11) ({Predecessor:} 14. Qb3 Ng4 15. Rf3 Qh4 16. h3 Qe1+ 17. Bf1 {0-1 (34) Arvola,B (2458)-Moroni,L (2506) Heraklio 2017}) 14... Re8 (14... Ng4 $15 15. Rf3 Bf5) 15. Na3 $1 $11 Bd7 16. Qd2 $1 Rad8 (16... Ng4 $11) 17. Rf3 ({Better is} 17. Re1 $14 Qb6 18. Kh1) 17... Qb6 $36 {[%mdl 2048] Black has good play.} 18. Kh1 {[#]} (18. Qf2 $11 {was the only way to keep the balance.}) 18... Bc6 (18... Bg4 $1 $17 {[%cal Rg4f3]} 19. Rf2 {[#]} Nxd5 $1 {[%mdl 512]}) 19. Re1 ({White should try} 19. h3 $15) 19... Nxd5 $17 {Hoping for ...Rxe1+.} 20. Rxe8+ Rxe8 21. Bxd5 $4 {[%mdl 8192] [#]} (21. Rf1 $17 Ne3 22. Re1) 21... Qxb2 $1 $19 {[%mdl 576] ( -> ...Qa1+). Deflection, Back Rank} 22. Qxb2 Re1+ {Accuracy: White = 20%, Black = 44%.} 0-1

[Event "35th European Club Cup 2019"]
[Site "Ulcinj"]
[Date "2019.11.12"]
[Round "3.17"]
[White "Saric, Ivan"]
[Black "Rozentalis, Eduardas"]
[Result "0-1"]
[WhiteElo "2650"]
[BlackElo "2547"]
[Annotator "TA"]
[PlyCount "110"]
[EventDate "2019.11.10"]
[EventType "team-tourn"]
[EventCountry "MNE"]
[SourceTitle "playchess.com"]
[Source "ChessBase"]
[SourceQuality "1"]
[WhiteTeam "Padova"]
[BlackTeam "Koge SK"]

{[%evp 15,110,25,41,33,42,27,30,11,38,28,30,26,33,19,21,23,30,29,27,16,25,20,30,0,13,0,0,-9,6,-17,0,0,0,0,12,20,21,8,16,6,8,15,18,23,8,9,12,19,7,7,7,7,7,16,26,0,0,0,0,0,0,0,0,-41,-35,-147,-130,-221,-268,-269,-250,-261,0,0,0,-233,-255,-241,-232,-213,-221,-397,-387,-679,-687,-639,-656,-914,-853,-784,-747,-29995,-29996,-29996,-29997,-29998,-29999]} 1. e4 e5 2. Nf3 Nf6 3. Nxe5 d6 4. Nf3 Nxe4 5. d4 Be7 6. Bd3 Nf6 7. h3 O-O 8. O-O Nc6 9. c3 {C42: Petroff Defence: 3 Nxe5 and unusual White 3rd moves} Re8 10. a4 $146 ({Predecessor:} 10. Bf4 h6 11. Nbd2 Bf8 12. Qc2 Be6 13. Rfe1 Qd7 14. a3 Bd5 15. c4 Bxf3 16. Nxf3 Rxe1+ 17. Rxe1 {1-0 (43) Duda,J (2597)-Grabarczyk,M (2433) Poznan 2015}) 10... h6 11. a5 {White has an edge.} a6 12. Bf4 Be6 13. Nbd2 Qd7 14. Qb1 Bf8 15. Re1 g6 16. Ne4 Nxe4 17. Bxe4 {And now d5 would win.} f5 $1 {[%cal Rf5e4]} 18. Bd3 Bd5 19. Rxe8 Rxe8 20. Nd2 Bg7 21. Nf1 (21. b4 {keeps more tension.} Ne7 22. b5 axb5 23. Bxb5 c6 24. Bd3) 21... Be4 22. Ng3 {[%cal Rg3e4]} Bxd3 23. Qxd3 Qf7 24. h4 Ne7 25. Re1 Nd5 26. Rxe8+ Qxe8 27. Bd2 Qe6 28. c4 Ne7 29. h5 g5 30. d5 Qf7 $1 31. Bc3 f4 32. Ne4 Qxh5 33. Bxg7 Kxg7 34. Qd4+ Kf7 35. Qf6+ Ke8 $1 36. Qh8+ Kf7 37. Qh7+ Kf8 38. Qh8+ Kf7 $1 39. f3 Qg6 40. Qd8 (40. Nf2 $15) 40... g4 $17 41. Qxc7 (41. Kf1 $17 {keeps fighting.} Qh5 42. Qe8+ {[%mdl 64] Decoy} Kxe8 43. Nf6+ Kf7 44. Nxh5) 41... gxf3 $19 {[%csl Gf3][%cal Rg6g2]} 42. Nxd6+ Kf6 {[%csl Gf3][%cal Rg6g2]} 43. Ne8+ Kf7 {[%csl Gf3][%cal Rg6g2]} 44. Nd6+ Kf6 {[%csl Gf3][%cal Rg6g2]} 45. Ne8+ $1 {[%mdl 64] [#] Discovered Attack} Qxe8 46. Qd6+ Kg7 {White must now prevent ...Nxd5!} 47. Qe5+ Kg8 {Hoping for ...Qg6!} 48. gxf3 $2 (48. Qxf4 fxg2 49. Qxh6) 48... Qg6+ 49. Kh1 $2 (49. Kf1 Qb1+ 50. Kg2) 49... Qg5 50. Qe1 Kf8 51. Qc3 Nf5 {( -> ...Ng3+)} 52. Qb4+ Ke8 53. Qxb7 Qh4+ {Black mates.} 54. Kg1 Qe1+ {[%mdl 64] [#] Double Attack} 55. Kh2 Qf2+ 0-1

[Event "35th European Club Cup 2019"]
[Site "Ulcinj"]
[Date "2019.11.12"]
[Round "3.17"]
[White "De Schampheleire, Glen"]
[Black "Johannesson, Ingvar Thor"]
[Result "1-0"]
[WhiteElo "2359"]
[BlackElo "2352"]
[Annotator "NA"]
[PlyCount "78"]
[EventDate "2019.11.10"]
[EventType "team-tourn"]
[EventCountry "MNE"]
[SourceTitle "playchess.com"]
[Source "ChessBase"]
[SourceQuality "1"]
[WhiteTeam "HWP Sas van Gent"]
[BlackTeam "Reykjavik CC"]
[TimeControl "40/5400+30:1800+30"]

1. Nf3 c5 {[%emt 0:00:00]} 2. g3 {[%emt 0:00:07]} Nc6 {[%emt 0:01:37]} 3. d4 {[%emt 0:03:42]} cxd4 {[%emt 0:03:00]} 4. Nxd4 {[%emt 0:00:07]} Qb6 {[%emt 0:03:34]} 5. Nb3 {[%emt 0:01:19]} Nf6 {[%emt 0:00:45]} 6. Bg2 {[%emt 0:00:12]} e6 {[%emt 0:06:13]} 7. O-O {[%emt 0:08:45]} d6 {[%emt 0:07:57]} 8. a4 {[%emt 0:04:15]} Be7 {[%emt 0:29:44]} 9. e4 {[%emt 0:00:30]} O-O {[%emt 0:00:30]} 10. Nc3 {[%emt 0:05:29]} Ne5 {[%emt 0:06:40]} 11. Qe2 {[%emt 0:17:17]} a6 {[%emt 0:02:29]} 12. a5 {[%emt 0:13:33]} Qc7 {[%emt 0:00:07]} 13. f4 Nc4 {[%emt 0:00:22]} 14. Ra4 {[%emt 0:00:22]} b5 {[%emt 0:02:29]} 15. axb6 {[%emt 0:00:12]} Nxb6 {[%emt 0:00:34]} 16. Ra2 {[%emt 0:00:30]} d5 {[%emt 0:02:40]} 17. e5 {[%emt 0:06:21]} Nfd7 {[%emt 0:00:14]} 18. Be3 {[%emt 0:00:14]} Nc4 {[%emt 0:04:46]} 19. Bxd5 {[%emt 0:06:47]} Nxe3 {[%emt 0:01:18]} 20. Bxa8 {[%emt 0:00:07]} Nxf1 {[%emt 0:00:15]} 21. Kxf1 {[%emt 0:00:08]} Nb6 {[%emt 0:01:15]} 22. Be4 {[%emt 0:07:44]} Nc4 {[%emt 0:00:38]} 23. Nd1 {[%emt 0:00:37]} Rd8 24. Bd3 {[%emt 0:02:08]} Qc6 {[%emt 0:11:44]} 25. Qg2 {[%emt 0:01:12]} Qb6 {[%emt 0:00:53]} 26. Qe4 {[%emt 0:02:50]} Rxd3 {[%emt 0:02:31]} 27. Qxd3 {[%emt 0:00:16]} a5 {[%emt 0:01:20]} 28. Kg2 {[%emt 0:05:06]} Bb7+ {[%emt 0:00:45]} 29. Kh3 {[%emt 0:01:25]} Qc6 {[%emt 0:00:24]} 30. Qe2 {[%emt 0:00:40]} a4 {[%emt 0:05:44]} 31. Nd4 {[%emt 0:00:30]} Qh1 {[%emt 0:02:02]} 32. Rxa4 {[%emt 0:00:55]} Nd2 33. Ne3 {[%emt 0:03:53]} Ne4 {[%emt 0:03:15]} 34. Ra7 {[%emt 0:00:24]} g5 {[%emt 0:00:44]} 35. Rxb7 {[%emt 0:01:09]} Nxg3 {[%emt 0:00:30]} 36. Rb8+ {[%emt 0:00:38]} Kg7 {[%emt 0:00:01]} 37. Kxg3 {[%emt 0:00:48]} h5 {[%emt 0:00:27]} 38. Nef5+ {[%emt 0:00:21]} exf5 {[%emt 0:00:07]} 39. Nxf5+ {[%emt 0:00:05]} Kh7 {[%emt 0:00:06]} 1-0

[Event "35th European Club Cup 2019"]
[Site "Ulcinj"]
[Date "2019.11.12"]
[Round "3.17"]
[White "Van Wissen, Michiel"]
[Black "De Graaf, Dick"]
[Result "1-0"]
[WhiteElo "2289"]
[BlackElo "2106"]
[Annotator "NA"]
[PlyCount "64"]
[EventDate "2019.11.10"]
[EventType "team-tourn"]
[EventCountry "MNE"]
[SourceTitle "playchess.com"]
[Source "ChessBase"]
[SourceQuality "1"]
[WhiteTeam "LSG IntelliMagic"]
[BlackTeam "En Passant"]
[TimeControl "40/5400+30:1800+30"]

1. e4 d6 2. d4 Nf6 3. Nc3 {[%emt 0:00:00]} g6 {[%emt 0:00:00]} 4. f4 Bg7 {[%emt 0:00:00]} 5. Nf3 {[%emt 0:00:21]} O-O {[%emt 0:00:00]} 6. Bd3 {[%emt 0:00:13]} Nc6 {[%emt 0:00:10]} 7. O-O {[%emt 0:01:12]} e5 {[%emt 0:03:59]} 8. d5 {[%emt 0:01:50]} Nd4 {[%emt 0:02:37]} 9. f5 {[%emt 0:01:10]} c6 {[%emt 0:19:27]} 10. Bg5 {[%emt 0:00:30]} gxf5 {[%emt 0:49:30]} 11. exf5 {[%emt 0:53:18]} Nxf5 {[%emt 0:00:34]} 12. Bxf5 {[%emt 0:00:17]} Bxf5 {[%emt 0:03:38]} 13. Kh1 Qd7 {[%emt 0:02:55]} 14. dxc6 {[%emt 0:23:19]} bxc6 15. Nxe5 dxe5 {[%emt 0:05:15]} 16. Qxd7 {[%emt 0:02:26]} Nxd7 {[%emt 0:00:46]} 17. Rxf5 {[%emt 0:00:08]} Rab8 {[%emt 0:05:01]} 18. Rd1 {[%emt 0:03:36]} h6 19. Be7 {[%emt 0:01:10]} Rxb2 {[%emt 0:03:04]} 20. Rxd7 {[%emt 0:00:38]} Rxc2 {[%emt 0:00:48]} 21. Bxf8 {[%emt 0:02:15]} Rxc3 {[%emt 0:00:02]} 22. Rdxf7 {[%emt 0:01:23]} Rc1+ {[%emt 0:00:43]} 23. Rf1 {[%emt 0:00:04]} Rxf1+ {[%emt 0:00:02]} 24. Rxf1 {[%emt 0:00:12]} Bxf8 {[%emt 0:00:01]} 25. Rf6 {[%emt 0:01:10]} c5 {[%emt 0:00:44]} 26. g3 {[%emt 0:01:38]} Kg7 {[%emt 0:00:15]} 27. Re6 {[%emt 0:00:35]} c4 {[%emt 0:00:22]} 28. Rc6 {[%emt 0:00:22]} Ba3 {[%emt 0:02:19]} 29. Rxc4 {[%emt 0:00:34]} Kg6 {[%emt 0:00:09]} 30. Kg2 {[%emt 0:00:11]} Kf5 {[%emt 0:00:03]} 31. Kf3 {[%emt 0:00:12]} Bb2 {[%emt 0:00:22]} 32. g4+ {[%emt 0:01:51]} Kg5 {[%emt 0:00:50]} 1-0